Modelo probabilístico para optimizar inventarios en la Empresa Nuevo Milenio S.R.L. de la ciudad de Oruro / (Registro nro. 16180)

Detalles MARC
000 -LEADER
campo de control de longitud fija 01640nam a22003014aa4500
003 - IDENTIFICADOR DE NÚMERO DE CONTROL
campo de control BOFEUTO
005 - FECHA Y HORA DE LA ÚLTIMA TRANSACCIÓN
campo de control 20260626103131.0
008 - DATOS DE LONGITUD FIJA--INFORMACIÓN GENERAL
campo de control de longitud fija 260611t2025 bo gr 000 f spa d
040 ## - FUENTE DE CATALOGACIÓN
Enlace BOFEUTO
Centro catalogador/agencia de origen BOFEUTO
Centro/agencia transcriptor BOFEUTO
041 ## - CÓDIGO DE IDIOMA
Código de lengua del texto/banda sonora o título independiente spa
044 ## - CÓDIGO DEL PAÍS DE LA ENTIDAD EDITORA/PRODUCTORA
Código MARC del país bo
082 ## - NÚMERO DE LA CLASIFICACIÓN DECIMAL DEWEY
Número de clasificación TE6322
Número de ítem Ag282m
100 ## - ENTRADA PRINCIPAL--NOMBRE DE PERSONA
Nombre de persona Aguilar Rodríguez, Daniela Maite
Término indicativo de función/relación autor
245 ## - MENCIÓN DEL TÍTULO
Título Modelo probabilístico para optimizar inventarios en la Empresa Nuevo Milenio S.R.L. de la ciudad de Oruro /
Mención de responsabilidad, etc. Daniela Maite Aguilar Rodríguez, Joshua Alfredo Bellot Sáenz
260 ## - PUBLICACIÓN, DISTRIBUCIÓN, ETC.
Lugar de publicación, distribución, etc. Oruro :
Nombre del editor, distribuidor, etc. s/n,
Fecha de publicación, distribución, etc. 2025.
300 ## - DESCRIPCIÓN FÍSICA
Extensión 116 hojas ;
Otras características físicas ilus. gráf. ;
Dimensiones 28.5 cm.
500 ## - NOTA GENERAL
Nota general Incluye bibliografía, anexos.
502 ## - NOTA DE TESIS
Nota de tesis Trabajo Dirigido, (Licenciatura) -- Universidad Técnica de Oruro, Facultad de Ciencias Económicas, Financieras y Administrativas, Carrera Ingeniería Comercial, 2025.
520 ## - RESUMEN, ETC.
Sumario, etc. La optimización de inventarios es una estrategia que las empresa utilizan para controlar y gestionar los niveles de existencia, desde la fabricación hasta la venta. El objetivo es tener los productos correctos en el momento adecuado y en el lugar adecuado, para satisfacer la demanda de los clientes y minimizar los costos, es por este motivo que el presente trabajo presenta como objetivo general determinar cuáles son las variables que inciden en la optimización de inventarios en la empresa Nuevo Milenio de la ciudad de Oruro, gestión 2024.
650 ## - PUNTO DE ACCESO ADICIONAL DE MATERIA--TÉRMINO DE MATERIA
Término de materia o nombre geográfico como elemento de entrada Optimización
653 ## - TÉRMINO DE INDIZACIÓN--NO CONTROLADO
Término no controlado Ventas
653 ## - TÉRMINO DE INDIZACIÓN--NO CONTROLADO
Término no controlado Optimización
653 ## - TÉRMINO DE INDIZACIÓN--NO CONTROLADO
Término no controlado Inventario
653 ## - TÉRMINO DE INDIZACIÓN--NO CONTROLADO
Término no controlado Stock
653 ## - TÉRMINO DE INDIZACIÓN--NO CONTROLADO
Término no controlado Costos
700 ## - ENTRADA AGREGADA--NOMBRE PERSONAL
Nombre de persona Bellot Sáenz, Joshua Alfredo
Término indicativo de función/relación tutor
942 ## - ELEMENTOS DE ENTRADA SECUNDARIOS (KOHA)
Fuente del sistema de clasificación o colocación Clasificación Decimal Dewey
Tipo de ítem Koha Tesis
Suprimir en OPAC No
Existencias
Estatus retirado Estado de pérdida Fuente del sistema de clasificación o colocación Estado de daño No para préstamo Biblioteca de origen Biblioteca actual Ubicación en estantería Fecha de adquisición Número de inventario Total de préstamos Signatura topográfica completa Código de barras Visto por última vez Copia número Precio de reemplazo Tipo de ítem Koha
No dañado Disponible Clasificación Decimal Dewey No Dañado Disponible Biblioteca Central Biblioteca Central Tesis 11/06/2026 6322   TE6322/Ag282m TE6322 26/06/2026 Ej.1 26/06/2026 Tesis

Biblioteca Central
Dirección: Calle Cochabamba entre 6 de Octubre y Potosí s/n
Teléfono: (591-2)5281707 - 2-52-38450
Contacto: biblioteca.central@gmail.com